Score 0/20 Timer 05:00
1 Play Today
% Correct
Ghostbusters
99.2%
Back to the Future
98.5%
The Goonies
88.6%
Big
84.3%
The Princess Bride
81%
Sixteen Candles
74.4%
Bill & Ted's Excellent Adventure
74.2%
Raging Bull
73.2%
Predator
67.8%
Amadeus
65.1%
% Correct
Beverly Hills Cop
63.4%
Clue
59.3%
Platoon
52.1%
A Fish Called Wanda
47%
Labyrinth
45.6%
Fast Times at Ridgemont High
43.9%
Airplane!
25.1%
Brazil
14.9%
Repo Man
13.5%
Raising Arizona
13.4%
Remove Ads.
Support Sporcle.
Get the best of Sporcle when you Go Orange. This ad-free experience offers more features, more stats, and more fun while also helping to support Sporcle. Thank you for becoming a member.

You're not logged in!

Compare scores with friends on all Sporcle quizzes.
OR
Log In

Show Comments

Extras

Top Quizzes Today


Score Distribution

Your Account Isn't Verified!

In order to create a playlist on Sporcle, you need to verify the email address you used during registration. Go to your Sporcle Settings to finish the process.

Report this User

Report this user for behavior that violates our Community Guidelines.

Details: